[Event "1st 4NCL Spring Bank Holiday Congress"]
[Site "Basingstoke"]
[Date "2018.05.26"]
[Round "2"]
[Board "13"]
[White "Langham, Rod E"]
[Black "Sreeram, Yashasvini"]
[Result "1-0"]
[WhiteElo "1684"]
[BlackElo "1435"]
[PlyCount "117"]
[EventDate "2018.05.25"]
[EventRounds "7"]
[EventCountry "ENG"]

1. d4 Nf6 2. Bf4 e6 3. e3 b6 4. Nf3 Bb7 5. Nbd2 c5 6. c3 Nc6 7. Bd3 Be7 8. h3
d5 9. O-O c4 10. Bc2 O-O 11. e4 dxe4 12. Nxe4 Nb8 13. Nxf6+ Bxf6 14. Qe2 Qc8
15. Rfe1 Nd7 16. Rad1 Re8 17. Ba4 Ba6 18. Ne5 Bxe5 19. Bxe5 b5 20. Bc2 Nxe5 21.
Qxe5 Qc6 22. Be4 Qc8 23. Bxa8 Qxa8 24. a3 Rb8 25. Re3 Bb7 26. Rde1 g6 27. Rg3
Bd5 28. h4 h5 29. Qxh5 Bxg2 30. Rxg6+ fxg6 31. Qxg6+ Kf8 32. Qxg2 Qxg2+ 33.
Kxg2 Kf7 34. Re5 a6 35. f4 Rh8 36. Kg3 Kf6 37. Kg4 Rg8+ 38. Rg5 Rh8 39. h5 Rh6
40. d5 exd5 41. Rxd5 Ke6 42. Rc5 Kd6 43. Re5 Kc6 44. Kg5 Rd6 45. Re2 Kb6 46. f5
Rd5 47. h6 Rd8 48. h7 Ka5 49. Kg6 Ka4 50. f6 Kb3 51. Kg7 a5 52. h8=Q Rd7+ 53.
f7 a4 54. Qf8 Ka2 55. b3+ Kb1 56. bxa4 bxa4 57. Qb4+ Kc1 58. Qb2+ Kd1 59. Qc2#
 1-0

[Event "1st 4NCL Spring Bank Holiday Congress"]
[Site "Basingstoke"]
[Date "2018.05.26"]
[Round "2"]
[Board "14"]
[White "Buanne, Luca"]
[Black "Sandercock, E Barry"]
[Result "1-0"]
[WhiteElo "1422"]
[BlackElo "1679"]
[PlyCount "101"]
[EventDate "2018.05.25"]
[EventRounds "7"]
[EventCountry "ENG"]

1. e4 d5 2. exd5 Qxd5 3. Nc3 Qa5 4. d4 c6 5. Nf3 e6 6. Bf4 Nf6 7. Bd2 Qc7 8.
Bd3 Bd6 9. Qe2 O-O 10. h3 Nbd7 11. g4 Re8 12. g5 Nd5 13. Nxd5 cxd5 14. O-O-O
Bf4 15. Kb1 Bxd2 16. Qxd2 b5 17. h4 e5 18. Bxb5 e4 19. Ne5 Rb8 20. Bxd7 Bxd7
21. Nxd7 Qxd7 22. h5 Qb7 23. Qc1 e3 24. fxe3 Rxe3 25. b3 Rbe8 26. Rhe1 R3e4 27.
h6 g6 28. Rxe4 dxe4 29. Qf4 Qe7 30. Qe5 Qxe5 31. dxe5 Kf8 32. Rd5 Re6 33. Kc1
Ra6 34. a4 Ke7 35. Rd4 e3 36. Re4 Ke6 37. Rxe3 Ra5 38. c4 Rxe5 39. Rxe5+ Kxe5
40. c5 a5 41. b4 axb4 42. a5 Kd5 43. a6 Kc6 44. Kb2 Kc7 45. Kb3 Kc6 46. Kxb4
Kc7 47. Kb5 Kb8 48. c6 Ka8 49. c7 f5 50. Kb6 f4 51. c8=R# 1-0

[Event "1st 4NCL Spring Bank Holiday Congress"]
[Site "Basingstoke"]
[Date "2018.05.26"]
[Round "2"]
[Board "15"]
[White "Chen, Daniel Xingyu"]
[Black "Dupuis, Denis K"]
[Result "1-0"]
[WhiteElo "1592"]
[BlackElo "1400"]
[PlyCount "113"]
[EventDate "2018.05.25"]
[EventRounds "7"]
[EventCountry "ENG"]

1. e4 e5 2. Nf3 Nc6 3. Nc3 Nf6 4. Bb5 Bb4 5. O-O O-O 6. d3 d6 7. Bg5 Be6 8. Nd5
Bxd5 9. exd5 Nd4 10. Nxd4 exd4 11. Qf3 a6 12. Bxf6 Qxf6 13. Qxf6 gxf6 14. Bd7
Rad8 15. Bf5 Rfe8 16. Be4 c6 17. a3 Bd2 18. Rad1 cxd5 19. Bxd5 Bh6 20. Rfe1
Rxe1+ 21. Rxe1 Kf8 22. g3 b6 23. f4 Rc8 24. Bb3 f5 25. Kg2 b5 26. Kf2 a5 27. a4
bxa4 28. Bxa4 Rb8 29. Bb3 Re8 30. Rxe8+ Kxe8 31. Kf3 Bf8 32. h3 Be7 33. g4
fxg4+ 34. hxg4 Bf6 35. g5 Bg7 36. f5 h6 37. f6 Bf8 38. Kg4 hxg5 39. Kxg5 Kd7
40. Bxf7 a4 41. Bd5 Ke8 42. Kg6 Kd8 43. Bc6 a3 44. bxa3 Kc7 45. Bd5 Kd7 46. a4
Kd8 47. a5 Kd7 48. a6 Kc7 49. a7 Kb6 50. a8=Q Bh6 51. Qc6+ Ka5 52. Kxh6 Kb4 53.
Qc4+ Ka5 54. Bc6 Kb6 55. Qb5+ Kc7 56. Qb7+ Kd8 57. Qd7# 1-0

[Event "1st 4NCL Spring Bank Holiday Congress"]
[Site "Basingstoke"]
[Date "2018.05.26"]
[Round "2"]
[Board "16"]
[White "Kammin, Sam"]
[Black "Stoyanov, Boris"]
[Result "1-0"]
[WhiteElo "1592"]
[BlackElo "1310"]
[PlyCount "91"]
[EventDate "2018.05.25"]
[EventRounds "7"]
[EventCountry "ENG"]

1. Nf3 d5 2. d4 Nf6 3. c4 c6 4. g3 e6 5. Bg2 Bd6 6. Nc3 O-O 7. Qc2 Nbd7 8. O-O
b6 9. e4 dxe4 10. Nxe4 Be7 11. Ne5 Nxe5 12. dxe5 Nd7 13. Rd1 Qc7 14. f4 Nc5 15.
Be3 Nxe4 16. Bxe4 h6 17. c5 b5 18. a4 b4 19. Qg2 Bb7 20. a5 Rab8 21. Bd3 Qc8
22. a6 Ba8 23. Qe4 g6 24. g4 Rd8 25. Bf2 Qc7 26. h4 Rd5 27. h5 Bxc5 28. Bxc5
Rxc5 29. hxg6 Qb6 30. gxf7+ Kf8 31. Kf1 Rd5 32. Qg6 Qe3 33. Qxh6+ Ke7 34. Be2
Rxe5 35. Qh4+ Kxf7 36. fxe5 Rf8 37. Ke1 Qg1+ 38. Kd2 Qd4+ 39. Kc2 b3+ 40. Kc1
Qe3+ 41. Rd2 Qg1+ 42. Bd1 Qc5+ 43. Kb1 Qxe5 44. Qh7+ Kf6 45. Rf2+ Kg5 46. Qh5#
 1-0

[Event "1st 4NCL Spring Bank Holiday Congress"]
[Site "Basingstoke"]
[Date "2018.05.26"]
[Round "2"]
[Board "17"]
[White "Ratnesan, Radha"]
[Black "Maladkar, Lavanya"]
[Result "0-1"]
[WhiteElo "1222"]
[BlackElo "1562"]
[PlyCount "90"]
[EventDate "2018.05.25"]
[EventRounds "7"]
[EventCountry "ENG"]

1. d4 Nf6 2. c4 c6 3. Bf4 d5 4. e3 e6 5. a3 b6 6. Nf3 Nbd7 7. Nc3 a6 8. b4 dxc4
9. Bxc4 Nd5 10. Nxd5 cxd5 11. Bd3 Bb7 12. Rc1 Rc8 13. O-O Be7 14. Qe2 b5 15.
Qd2 Nb6 16. Rxc8 Qxc8 17. Rc1 Nc4 18. Qc2 h6 19. Nd2 O-O 20. Nxc4 bxc4 21. Bh7+
Kh8 22. h3 Qe8 23. Be5 f5 24. Bxf5 Rxf5 25. g4 Rf8 26. Kh2 Qf7 27. f4 Rd8 28.
Rf1 Bc8 29. Qe2 Bf6 30. g5 hxg5 31. fxg5 Bxe5+ 32. dxe5 Qg6 33. h4 Kg8 34. Qg4
c3 35. h5 Qc2+ 36. Kg1 Qe4 37. Qg3 c2 38. h6 Rf8 39. Rxf8+ Kxf8 40. Qf2+ Kg8
41. Qf1 Qxe3+ 42. Kh1 c1=Q 43. Qxc1 Qxc1+ 44. Kg2 Qxg5+ 45. Kf2 gxh6 0-1

[Event "1st 4NCL Spring Bank Holiday Congress"]
[Site "Basingstoke"]
[Date "2018.05.26"]
[Round "2"]
[Board "18"]
[White "Mendis, Vidura"]
[Black "Lee, William J"]
[Result "1-0"]
[WhiteElo "1562"]
[BlackElo "1195"]
[PlyCount "33"]
[EventDate "2018.05.25"]
[EventRounds "7"]
[EventCountry "ENG"]

1. e4 e5 2. Nf3 Nc6 3. Bb5 a6 4. Ba4 Nf6 5. Qe2 b5 6. Bb3 d6 7. h3 Be7 8. c3
O-O 9. O-O Bb7 10. Rd1 Na5 11. Bc2 c5 12. d3 Qc7 13. Nbd2 Nc6 14. Nf1 d5 15.
Ng3 d4 16. Nf5 Bc8 17. N3h4 {Only one scoresheet handed in and that is missing
half the moves (player started recording only White moves then only Black!).
Illegible, therefore.} 1-0

[Event "1st 4NCL Spring Bank Holiday Congress"]
[Site "Basingstoke"]
[Date "2018.05.26"]
[Round "2"]
[Board "19"]
[White "Redmond, Michael F"]
[Black "O'Brien, Paul W"]
[Result "1-0"]
[WhiteElo "1787"]
[BlackElo "1442"]
[PlyCount "75"]
[EventDate "2018.05.25"]
[EventRounds "7"]
[EventCountry "ENG"]

1. Nf3 f5 2. d3 Nf6 3. g3 d6 4. Bg2 e5 5. Nc3 Be7 6. O-O O-O 7. e3 Qe8 8. h4
Qh5 9. Nh2 Ng4 10. Bf3 Bxh4 11. Bxg4 fxg4 12. gxh4 Qxh4 13. Ne4 Nc6 14. Qe1 d5
15. f3 Qxe1 16. Rxe1 dxe4 17. fxe4 h5 18. Bd2 Be6 19. a3 a5 20. Rf1 Rxf1+ 21.
Nxf1 Rf8 22. Be1 g5 23. c3 h4 24. d4 exd4 25. cxd4 Bc4 26. Nd2 Bd3 27. Rc1 Rf7
28. Rc5 Rg7 29. Rc3 Be2 30. e5 Rf7 31. e6 Re7 32. Rc5 Rg7 33. Ne4 Kf8 34. Rf5+
Ke7 35. d5 Nd8 36. Bxa5 b6 37. Bb4+ Ke8 38. Rf8# 1-0

[Event "1st 4NCL Spring Bank Holiday Congress"]
[Site "Basingstoke"]
[Date "2018.05.26"]
[Round "2"]
[Board "20"]
[White "Robinson, Brian"]
[Black "Zhu, Hou Ning"]
[Result "1/2-1/2"]
[WhiteElo "1590"]
[BlackElo "1309"]
[PlyCount "61"]
[EventDate "2018.05.25"]
[EventRounds "7"]
[EventCountry "ENG"]

1. d4 d5 2. Nf3 Nf6 3. e3 Bf5 4. Bd3 Bxd3 5. Qxd3 c6 6. O-O e6 7. Nbd2 Nbd7 8.
e4 dxe4 9. Nxe4 Nxe4 10. Qxe4 Nf6 11. Qe2 Bd6 12. Bg5 O-O 13. Rfd1 h6 14. Bh4
Be7 15. Ne5 Nd5 16. Bxe7 Qxe7 17. Qg4 Nf6 18. Qf3 Rfd8 19. Rab1 Nd7 20. Qe2
Nxe5 21. dxe5 Qg5 22. c4 Rxd1+ 23. Rxd1 Rd8 24. Rxd8+ Qxd8 25. f4 Qd4+ 26. Qf2
Qxc4 27. Qd2 Qd5 28. Qb4 b6 29. g3 Qd1+ 30. Kf2 Qc2+ 31. Kg1 1/2-1/2

[Event "1st 4NCL Spring Bank Holiday Congress"]
[Site "Basingstoke"]
[Date "2018.05.26"]
[Round "2"]
[Board "21"]
[White "O`Gorman, Brian"]
[Black "Stephens, Robert W"]
[Result "1-0"]
[WhiteElo "1537"]
[BlackElo "1802"]
[PlyCount "51"]
[EventDate "2018.05.25"]
[EventRounds "7"]
[EventCountry "ENG"]

1. e4 g6 2. d4 Bg7 3. Nf3 d6 4. Nc3 Nd7 5. Bg5 c5 6. Bb5 a6 7. Bxd7+ Bxd7 8.
dxc5 dxc5 9. O-O h6 10. Be3 b6 11. Qd2 Bg4 12. Rfd1 Qxd2 13. Rxd2 Bxf3 14. gxf3
Bxc3 15. bxc3 Nf6 16. Rad1 g5 17. e5 Nh5 18. Rd7 f5 19. Rb7 f4 20. Bc1 b5 21.
Rdd7 Rh7 22. Ba3 Rc8 23. e6 Nf6 24. Bxc5 Rd8 25. Rxe7+ Rxe7 26. Rxe7+ 1-0

[Event "1st 4NCL Spring Bank Holiday Congress"]
[Site "Basingstoke"]
[Date "2018.05.26"]
[Round "2"]
[Board "22"]
[White "Hatzipanteli, Theodora"]
[Black "Towers, Brian"]
[Result "1/2-1/2"]
[WhiteElo "1521"]
[BlackElo "1780"]
[PlyCount "137"]
[EventDate "2018.05.25"]
[EventRounds "7"]
[EventCountry "ENG"]

1. e4 d6 2. d4 Nf6 3. Nc3 Nbd7 4. Nf3 e5 5. Bc4 Be7 6. Be3 c6 7. h3 b5 8. Bb3
b4 9. Ne2 Nxe4 10. Qd3 exd4 11. Nfxd4 Ndc5 12. Qd1 Qc7 13. O-O Nxb3 14. axb3
O-O 15. Bf4 Qb6 16. Be3 c5 17. Nf3 Bb7 18. Nf4 Qc6 19. Qd3 Ng5 20. Nxg5 Bxg5
21. f3 Rfe8 22. Rfe1 a5 23. Nh5 Bh4 24. Bf2 Ba6 25. Qd2 Rxe1+ 26. Rxe1 Bxf2+
27. Qxf2 Re8 28. Rxe8+ Qxe8 29. Qg3 Qe5 30. Qh4 f6 31. Qg4 g6 32. Nf4 Qf5 33.
Qxf5 gxf5 34. Kf2 Kf7 35. Ke3 Bb7 36. Kd3 d5 37. Ke3 Ke7 38. Nh5 Ba6 39. g3 d4+
40. Kd2 Ke6 41. Nf4+ Ke5 42. Nd3+ Kd6 43. Nf4 Bb5 44. Nh5 Ke5 45. Nf4 c4 46.
bxc4 Bxc4 47. b3 Bf1 48. Ke1 Bb5 49. Kd2 Kd6 50. Nh5 Ke5 51. Nf4 Bc6 52. Ke2
Bb7 53. Nd3+ Kd6 54. Nf4 Bd5 55. Kf2 Bc6 56. Ke2 a4 57. bxa4 Bxa4 58. Kd3 Ke5
59. Ne2 Bb5+ 60. Kd2 Bxe2 61. Kxe2 Kd5 62. Kd3 Kc5 63. f4 h5 64. Ke2 Kc4 65.
Kd2 Kb5 66. Kd3 Kc5 67. Ke2 Kc4 68. Kd2 Kd5 69. Kd3 1/2-1/2

[Event "1st 4NCL Spring Bank Holiday Congress"]
[Site "Basingstoke"]
[Date "2018.05.26"]
[Round "2"]
[Board "23"]
[White "Piecha, Lukasz Marek"]
[Black "Richardson, John"]
[Result "1-0"]
[WhiteElo "1774"]
[BlackElo "1622"]
[PlyCount "44"]
[EventDate "2018.05.25"]
[EventRounds "7"]
[EventCountry "ENG"]

1. d4 Nf6 2. c4 e5 3. dxe5 Ne4 4. Nf3 Nc6 5. e3 d6 6. Bd3 Nc5 7. exd6 Qxd6 8.
Be2 Qf6 9. O-O Bf5 10. e4 Rd8 11. Qe1 Nxe4 12. Bd1 Bb4 13. Nbd2 O-O 14. Nxe4
Bxe1 15. Nxf6+ gxf6 16. Rxe1 Nb4 17. Bh6 Rfe8 18. Ba4 Rxe1+ 19. Rxe1 c6 20. a3
Nd3 21. Rd1 Rd7 22. Rd2 Nxb2 1-0

[Event "1st 4NCL Spring Bank Holiday Congress"]
[Site "Basingstoke"]
[Date "2018.05.26"]
[Round "2"]
[Board "24"]
[White "Tivillier, Jacques"]
[Black "Hammond, Benjamin"]
[Result "1-0"]
[WhiteElo "1771"]
[BlackElo "1483"]
[PlyCount "56"]
[EventDate "2018.05.25"]
[EventRounds "7"]
[EventCountry "ENG"]

1. e4 e5 2. Nf3 Nc6 3. Bb5 a6 4. Ba4 Nf6 5. O-O Be7 6. Re1 b5 7. Bb3 O-O 8. c3
d6 9. h3 Bb7 10. d4 Qd7 11. Nbd2 Rad8 12. a4 Rfe8 13. axb5 axb5 14. Qe2 h6 15.
Qxb5 Rb8 16. Qc4 Rf8 17. Ba4 d5 18. exd5 Qxd5 19. Qxd5 Nxd5 20. Bxc6 Bxc6 21.
Nxe5 Be8 22. Ndf3 Bd6 23. g3 f6 24. Nc4 Bc6 25. Nxd6 cxd6 26. Nh4 f5 27. Ng6
Rf6 28. Ne7+ Kh7 1-0

[Event "1st 4NCL Spring Bank Holiday Congress"]
[Site "Basingstoke"]
[Date "2018.05.26"]
[Round "2"]
[Board "25"]
[White "Doherty, Paul D"]
[Black "Kirby, Andrew"]
[Result "1-0"]
[WhiteElo "1674"]
[BlackElo "1424"]
[PlyCount "109"]
[EventDate "2018.05.25"]
[EventRounds "7"]
[EventCountry "ENG"]

1. e4 d5 2. exd5 Nf6 3. d4 Nxd5 4. Bc4 e6 5. Nf3 Nc6 6. c3 Be7 7. O-O O-O 8.
Qc2 b6 9. Bb5 Bb7 10. Bxc6 Bxc6 11. Ne5 Bb7 12. f4 Bd6 13. Nd2 Ne3 14. Qd3 Nxf1
15. Nxf1 Bxe5 16. fxe5 Qd5 17. Qg3 Qe4 18. Bd2 Qg6 19. Qh3 Be4 20. Re1 c5 21.
Ng3 Bf5 22. Nxf5 Qxf5 23. Qxf5 exf5 24. d5 Rad8 25. c4 Rfe8 26. Bc3 a5 27. Re3
a4 28. Rg3 g6 29. h4 b5 30. b3 axb3 31. axb3 b4 32. Bb2 Ra8 33. Re3 Ra2 34. Re2
Ra6 35. Kf2 h6 36. Kf3 f6 37. e6 Kg7 38. g4 fxg4+ 39. Kxg4 h5+ 40. Kg3 Ra7 41.
Rf2 Rf8 42. d6 Raa8 43. e7 Rf7 44. Re2 Re8 45. d7 Rexe7 46. Rxe7 Rxe7 47. d8=Q
Rf7 48. Qd5 g5 49. hxg5 h4+ 50. Kxh4 Kg6 51. gxf6 Rh7+ 52. Kg4 Rh8 53. f7 Rh4+
54. Kxh4 Kh7 55. Qh5# 1-0

[Event "1st 4NCL Spring Bank Holiday Congress"]
[Site "Basingstoke"]
[Date "2018.05.26"]
[Round "3"]
[Board "1"]
[White "Bovtramovics, Vladimirs"]
[Black "Horlock, Peter J"]
[Result "1/2-1/2"]
[WhiteElo "1822"]
[BlackElo "1612"]
[PlyCount "64"]
[EventDate "2018.05.25"]
[EventRounds "7"]
[EventCountry "ENG"]

1. e4 e5 2. Nf3 Nc6 3. Bb5 Nf6 4. O-O Bc5 5. Re1 Ng4 6. Re2 Nd4 7. Nxd4 Bxd4 8.
c3 Qh4 9. h3 Nxf2 10. Rxf2 Bxf2+ 11. Kh1 O-O 12. d3 c6 13. Ba4 d5 14. Qf1 f5
15. exd5 Qxa4 16. Qxf2 Qd1+ 17. Qg1 Qxg1+ 18. Kxg1 cxd5 19. Bg5 e4 20. dxe4
dxe4 21. Nd2 Be6 22. b3 h6 23. Be7 Rf7 24. Bc5 b6 25. Bd4 Bd5 26. g3 f4 27.
gxf4 Rxf4 28. Nf1 Raf8 29. Ne3 Rf3 30. Nxd5 Rxh3 31. Kg2 Rff3 32. Re1 Rhg3+
 1/2-1/2

[Event "1st 4NCL Spring Bank Holiday Congress"]
[Site "Basingstoke"]
[Date "2018.05.26"]
[Round "3"]
[Board "2"]
[White "Henley, Robert"]
[Black "Tomy, Jeff"]
[Result "1-0"]
[WhiteElo "1765"]
[BlackElo "1536"]
[PlyCount "75"]
[EventDate "2018.05.25"]
[EventRounds "7"]
[EventCountry "ENG"]

1. d4 d5 2. Nc3 Nf6 3. Bg5 Bf5 4. e3 e6 5. Bd3 Bxd3 6. Qxd3 Be7 7. Nge2 O-O 8.
f4 h6 9. Bh4 Ng4 10. Bxe7 Qxe7 11. h3 Nf6 12. g4 c5 13. O-O-O Nc6 14. g5 hxg5
15. fxg5 Nh5 16. h4 cxd4 17. exd4 g6 18. Ng3 Nb4 19. Qe3 Nxg3 20. Qxg3 Rac8 21.
Kb1 a6 22. h5 Qc7 23. Qh4 Kg7 24. hxg6 Rh8 25. Qf2 Qe7 26. Qxf7+ Qxf7 27. gxf7
Kxf7 28. a3 Nc6 29. Ne2 Kg6 30. Nf4+ Kf5 31. Rhf1 Kxg5 32. Nxe6+ Kg4 33. Rf4+
Kg3 34. Rg1+ Kh2 35. Rg6 Rh3 36. Rf2+ Kh1 37. Nf4 Rhh8 38. Rf1+ 1-0

[Event "1st 4NCL Spring Bank Holiday Congress"]
[Site "Basingstoke"]
[Date "2018.05.26"]
[Round "3"]
[Board "3"]
[White "Procter, Colin S"]
[Black "Kammin, Sam"]
[Result "1-0"]
[WhiteElo "1784"]
[BlackElo "1592"]
[PlyCount "97"]
[EventDate "2018.05.25"]
[EventRounds "7"]
[EventCountry "ENG"]

1. e4 c6 2. d3 g6 3. Nf3 Bg7 4. g3 d5 5. Nbd2 Nd7 6. Bg2 e6 7. O-O Ne7 8. Re1
O-O 9. c3 c5 10. e5 d4 11. Nc4 Nc6 12. cxd4 cxd4 13. b3 b5 14. Nd6 Qb6 15. Nxc8
Raxc8 16. Bf4 Nb4 17. Ng5 Nc2 18. Rc1 Nxe1 19. Qxe1 Rxc1 20. Qxc1 Nc5 21. Bf1
h6 22. Nf3 g5 23. Bd2 Rd8 24. Nxg5 hxg5 25. Bxg5 Rd5 26. f4 a5 27. Qd1 Nd7 28.
Qg4 Nf8 29. h4 Qc7 30. h5 Ng6 31. Bg2 Nxe5 32. fxe5 Qxe5 33. Bxd5 exd5 34. Bf4
Qe8 35. Kg2 Qe6 36. Qxe6 fxe6 37. Kf3 Kf7 38. g4 e5 39. Bd2 a4 40. bxa4 bxa4
41. g5 Bf8 42. Be1 Be7 43. g6+ Kg7 44. Bg3 Bf6 45. Kg4 e4 46. Kf5 exd3 47. h6+
Kxh6 48. Kxf6 a3 49. Bf4+ 1-0

[Event "1st 4NCL Spring Bank Holiday Congress"]
[Site "Basingstoke"]
[Date "2018.05.26"]
[Round "3"]
[Board "4"]
[White "Hibbitt, Arthur M"]
[Black "Mendis, Vidura"]
[Result "1-0"]
[WhiteElo "1781"]
[BlackElo "1562"]
[PlyCount "39"]
[EventDate "2018.05.25"]
[EventRounds "7"]
[EventCountry "ENG"]

1. f4 e5 2. fxe5 d6 3. exd6 Bxd6 4. Nf3 Nf6 5. Nc3 Bg4 6. e3 O-O 7. Be2 Nh5 8.
Ne4 Be7 9. Nf2 f5 10. Ne5 Bh4 11. O-O Bxe2 12. Qxe2 Qe8 13. Qc4+ Kh8 14. Qxh4
Qxe5 15. Qxh5 Nd7 16. d4 Qd6 17. Nd3 Rf6 18. Qf3 c6 19. Bd2 Raf8 20. Bb4 1-0

[Event "1st 4NCL Spring Bank Holiday Congress"]
[Site "Basingstoke"]
[Date "2018.05.26"]
[Round "3"]
[Board "5"]
[White "Winter, Kevin"]
[Black "Ruffle, Alan P"]
[Result "1-0"]
[WhiteElo "1755"]
[BlackElo "1474"]
[PlyCount "77"]
[EventDate "2018.05.25"]
[EventRounds "7"]
[EventCountry "ENG"]

1. e4 e5 2. Nf3 Nc6 3. Bc4 h6 4. c3 d6 5. Bb3 Bg4 6. d3 Be7 7. h3 Bh5 8. Nbd2
Nf6 9. Nf1 Qd7 10. Ne3 O-O-O 11. Ba4 Qe6 12. Bxc6 bxc6 13. Qa4 Kd7 14. c4 Rb8
15. g4 Bg6 16. Nf5 Rhg8 17. Qxa7 Nxe4 18. dxe4 Qxc4 19. Qe3 Qb4+ 20. Bd2 Qxb2
21. O-O Rb7 22. Rfd1 Qb6 23. Qxb6 cxb6 24. Bc3 Ke6 25. Rd2 Bxf5 26. exf5+ Kf6
27. Rad1 g6 28. fxg6 Rxg6 29. Nh4 Rg8 30. Nf5 h5 31. f3 hxg4 32. fxg4 b5 33.
Nxd6 Bxd6 34. Rxd6+ Ke7 35. Bb4 Rbb8 36. Rxc6+ Ke8 37. Rc7 Rg6 38. Re7+ Kf8 39.
Rb7+ 1-0

[Event "1st 4NCL Spring Bank Holiday Congress"]
[Site "Basingstoke"]
[Date "2018.05.26"]
[Round "3"]
[Board "6"]
[White "Maladkar, Lavanya"]
[Black "Homer, Neil S"]
[Result "1/2-1/2"]
[WhiteElo "1562"]
[BlackElo "1750"]
[PlyCount "67"]
[EventDate "2018.05.25"]
[EventRounds "7"]
[EventCountry "ENG"]

1. d4 d5 2. e3 Nf6 3. c4 e6 4. Nc3 c5 5. Nf3 Nc6 6. dxc5 Bxc5 7. cxd5 exd5 8.
Be2 O-O 9. O-O Be6 10. Nb5 a6 11. Nbd4 Rc8 12. a3 Bd6 13. b4 Ne4 14. Bb2 Ne7
15. Rc1 Rxc1 16. Qxc1 Qc8 17. Qxc8 Rxc8 18. Rc1 Rxc1+ 19. Bxc1 Nc8 20. Bd3 Nf6
21. h3 h6 22. Bb2 Nb6 23. Nf5 Bxf5 24. Bxf5 Nc4 25. Bc1 b6 26. Kf1 a5 27. bxa5
bxa5 28. a4 Nb6 29. Bc2 Ne4 30. Nd4 Nc3 31. Nc6 Nc4 32. Bb3 Nb6 33. Nxa5 Ncxa4
34. Ke2 1/2-1/2

[Event "1st 4NCL Spring Bank Holiday Congress"]
[Site "Basingstoke"]
[Date "2018.05.26"]
[Round "3"]
[Board "7"]
[White "O'Gorman, Brendan"]
[Black "Buanne, Luca"]
[Result "1-0"]
[WhiteElo "1698"]
[BlackElo "1422"]
[PlyCount "77"]
[EventDate "2018.05.25"]
[EventRounds "7"]
[EventCountry "ENG"]

1. c4 Nf6 2. Nc3 g6 3. d4 d5 4. e3 Bg7 5. Qb3 c6 6. Nf3 Nbd7 7. cxd5 cxd5 8.
Nxd5 e6 9. Nc3 O-O 10. Be2 Nb6 11. O-O Nfd5 12. Bd2 Bd7 13. Rac1 Bc6 14. Bb5
Nxc3 15. Bxc3 Bxf3 16. gxf3 Qg5+ 17. Kh1 Qh5 18. Be2 Rab8 19. Rc2 Nd5 20. f4
Qh3 21. Bb4 Rfd8 22. Rfc1 Bxd4 23. Bf1 Qf3+ 24. Bg2 Qg4 25. exd4 Nxf4 26. Qg3
Qxg3 27. hxg3 Nd3 28. Be7 Re8 29. Rd1 Nxf2+ 30. Rxf2 Rxe7 31. d5 Rd8 32. d6
Red7 33. Rfd2 e5 34. Rd5 f6 35. Rb5 b6 36. Rbd5 Kf7 37. R5d3 f5 38. Bc6 e4 39.
Rd4 1-0

[Event "1st 4NCL Spring Bank Holiday Congress"]
[Site "Basingstoke"]
[Date "2018.05.26"]
[Round "3"]
[Board "8"]
[White "Sartain, Patrick P"]
[Black "Chen, Daniel Xingyu"]
[Result "1/2-1/2"]
[WhiteElo "1541"]
[BlackElo "1592"]
[PlyCount "87"]
[EventDate "2018.05.25"]
[EventRounds "7"]
[EventCountry "ENG"]

1. e4 c5 2. f4 Nc6 3. Nf3 g6 4. c3 Bg7 5. e5 d6 6. d4 dxe5 7. fxe5 Bg4 8. Bc4
e6 9. O-O Bxf3 10. Qxf3 Qd7 11. Be3 cxd4 12. cxd4 Nxd4 13. Qe4 Nf5 14. Nc3 a6
15. Bg5 h6 16. Bb3 Qd4+ 17. Qxd4 Nxd4 18. Bf4 Nxb3 19. axb3 g5 20. Bg3 Ne7 21.
Ne4 O-O 22. Nf6+ Kh8 23. Nh5 Nf5 24. Nxg7 Nxg3 25. Nxe6 fxe6 26. hxg3 Rxf1+ 27.
Rxf1 Kg7 28. Rc1 Rf8 29. Rc7+ Rf7 30. Rxf7+ Kxf7 31. Kf2 Kg6 32. g4 h5 33. Kf3
hxg4+ 34. Kxg4 b6 35. b4 b5 36. b3 Kh6 37. Kf3 Kh5 38. g3 Kg6 39. g4 Kf7 40.
Ke4 Ke7 41. Kd4 Kd7 42. Kc5 Kc7 43. Kd4 Kc6 44. Ke4 1/2-1/2

[Event "1st 4NCL Spring Bank Holiday Congress"]
[Site "Basingstoke"]
[Date "2018.05.26"]
[Round "3"]
[Board "9"]
[White "Neatherway, A Philip"]
[Black "Langham, Rod E"]
[Result "1-0"]
[WhiteElo "1810"]
[BlackElo "1684"]
[PlyCount "59"]
[EventDate "2018.05.25"]
[EventRounds "7"]
[EventCountry "ENG"]

1. e4 e6 2. d4 d5 3. Nd2 Nf6 4. e5 Nfd7 5. Bd3 c5 6. c3 Nc6 7. Ne2 Qb6 8. Nf3
cxd4 9. cxd4 f6 10. exf6 Nxf6 11. O-O Bd6 12. Nc3 Bd7 13. Be3 O-O 14. Re1 Rac8
15. Rc1 a6 16. Bb1 Qxb2 17. Na4 Qb4 18. Bd2 Qb5 19. Nc5 Bxc5 20. Rxc5 Qb6 21.
Be3 Na5 22. Rxc8 Rxc8 23. Ne5 Nc4 24. Bg5 Nxe5 25. dxe5 Ne8 26. Qh5 g6 27. Bxg6
hxg6 28. Qxg6+ Kh8 29. Bf6+ Nxf6 30. exf6 1-0

[Event "1st 4NCL Spring Bank Holiday Congress"]
[Site "Basingstoke"]
[Date "2018.05.26"]
[Round "3"]
[Board "10"]
[White "Redmond, Michael F"]
[Black "Watson, Darrell A"]
[Result "1/2-1/2"]
[WhiteElo "1787"]
[BlackElo "1694"]
[PlyCount "101"]
[EventDate "2018.05.25"]
[EventRounds "7"]
[EventCountry "ENG"]

1. Nf3 d6 2. d4 Nf6 3. g3 Nbd7 4. Bg2 c6 5. O-O Qc7 6. c4 e5 7. Nc3 Be7 8. e4
h6 9. Qc2 Nf8 10. Qe2 g5 11. d5 Ng6 12. Ne1 Rg8 13. Nd3 Ng4 14. h3 Nf6 15. b4
Bd7 16. c5 Kf8 17. cxd6 Bxd6 18. Nc5 Kg7 19. Nxd7 Qxd7 20. dxc6 bxc6 21. b5
cxb5 22. Rd1 Qe7 23. Qxb5 Rab8 24. Qe2 Kh7 25. Nd5 Nxd5 26. Rxd5 Rgc8 27. Be3
Bc5 28. Rad1 Bxe3 29. Rd7 Qe8 30. Qxe3 Rb6 31. Rxa7 Rf6 32. Rd2 Kg7 33. Bf3
Rc1+ 34. Kh2 Qe6 35. Rad7 Rc6 36. R7d3 Rc1 37. Bd1 Nf8 38. Bg4 Qb6 39. Qe2 Qb1
40. Rd1 Rfc6 41. Rxc1 Rxc1 42. Rd1 Rxd1 43. Qxd1 Qxa2 44. Qf3 Qa7 45. Bf5 Qe7
46. Qg4 Ne6 47. Bxe6 fxe6 48. h4 Qf6 49. hxg5 Qxg5 50. Qxg5+ hxg5 51. Kh3
 1/2-1/2

[Event "1st 4NCL Spring Bank Holiday Congress"]
[Site "Basingstoke"]
[Date "2018.05.26"]
[Round "3"]
[Board "11"]
[White "Doherty, Paul D"]
[Black "Piecha, Lukasz Marek"]
[Result "0-1"]
[WhiteElo "1674"]
[BlackElo "1774"]
[PlyCount "42"]
[EventDate "2018.05.25"]
[EventRounds "7"]
[EventCountry "ENG"]

1. e4 c5 2. Nc3 g6 3. f4 Bg7 4. Nf3 Nc6 5. Bc4 e6 6. O-O Nge7 7. Qe1 O-O 8. d3
d5 9. Bb3 a6 10. a3 b5 11. f5 c4 12. Ba2 d4 13. Ne2 exf5 14. Qh4 fxe4 15. Ng5
h6 16. Nxe4 Nf5 17. Qf2 Ne5 18. Rd1 Qc7 19. Bf4 g5 20. Bd2 Ng4 21. Qf3 Qxh2+
 0-1

[Event "1st 4NCL Spring Bank Holiday Congress"]
[Site "Basingstoke"]
[Date "2018.05.26"]
[Round "3"]
[Board "12"]
[White "Zhu, Hou Ning"]
[Black "Tivillier, Jacques"]
[Result "0-1"]
[WhiteElo "1309"]
[BlackElo "1771"]
[PlyCount "48"]
[EventDate "2018.05.25"]
[EventRounds "7"]
[EventCountry "ENG"]

1. d4 f5 2. Nf3 Nf6 3. Bf4 d6 4. h3 g6 5. e3 Bg7 6. Be2 O-O 7. c3 Ne4 8. Nbd2
Nxd2 9. Qxd2 Qe8 10. Bc4+ Kh8 11. O-O e5 12. dxe5 dxe5 13. Bh2 Nd7 14. Rad1 Nb6
15. Bb3 a5 16. a3 a4 17. Ba2 Bd7 18. Rfe1 Qe7 19. Qc2 Bc6 20. Re2 Rae8 21. Nd2
Qf6 22. Nc4 Bb5 23. b3 axb3 24. Bxb3 Qc6 0-1